| 000 | 00440nam a2200157 4500 | ||
|---|---|---|---|
| 001 | 136793 | ||
| 003 | ES-MaACL | ||
| 005 | 20230906195228.0 | ||
| 007 | t| | ||
| 008 | 070214s1917 fr r ||||1| fre d | ||
| 100 | 1 |
_aSagnac, Philippe. _9101441 |
|
| 245 | 1 | 3 |
_aLe Rhin français pendant la revolution et l'empire / _cPhilippe Sagnac. |
| 260 |
_aParis : _bFélix Alcan, _c1917. |
||
| 300 |
_a392 p. ; _c23 cm. |
||
| 852 |
_aES-MaACL _jF-8941 |
||
| 999 |
_c136793 _d136793 |
||